Law for estate menagement students : Richard Card, et. al.

Bibliographic Details
Main Author: Card, Richard
Other Authors: Murdoch, John
Format: Book
Published: London : Butterworths , 1976
Edition:2nd. ed.
Subjects:

MARC

LEADER 00000cam a2200000 7i4500
001 0000004286
005 20050627.0
020 |a 0406562911 
040 |a INS 
090 0 0 |a KD1125   |b C37 1976 
100 1 |a Card, Richard 
245 1 0 |a Law for estate menagement students :   |b Richard Card, et. al. 
250 |a 2nd. ed. 
260 |a London :   |b Butterworths ,   |c 1976 
500 |a Includes index 
650 0 0 |a Land use   |x Law and legislation   |z England 
650 0 0 |a Law   |z England 
700 1 |a Murdoch, John 
999 |a 0000003009   |b BOOK   |c Open Shelf   |e Default branch